| 000 | 00760nam a2200241 u 4500 | ||
|---|---|---|---|
| 005 | 20240924070547.0 | ||
| 008 | 170529s2005 r 000 0 eng d | ||
| 020 | _a9586825930 | ||
| 035 | _aUPN01000218240 | ||
| 049 | _aCG | ||
| 050 | 4 |
_aJZ1318 _bG6.4 |
|
| 100 | 1 |
_aGoldin, Ian, _d1955- _940682 |
|
| 245 | 1 | 0 |
_aGlobalización y pobreza / _cIan Goldin, Kenneth A. Reinert ; tr. Jesús Villamizar Herrera. |
| 260 |
_aBogotá : _bBanco Mundial : _bAlfaomega, _cc2005. |
||
| 300 | _a64 p. | ||
| 440 | 0 |
_aDesarrollo para todos ; _v10 |
|
| 534 |
_pTítulo original: _tCan globalization work for poor people? |
||
| 650 | 4 |
_aGlobalización _95377 |
|
| 650 | 2 |
_aPobreza _91196 |
|
| 700 | 1 |
_aReinert, Kenneth A., _ecoaut. |
|
| 905 | _aLibro | ||
| 999 |
_c190340 _d190340 |
||